00000000nam 2200000zi 4500
0019.922157
003CaOODSP
00520230504093640
006m     o  d f      
007cr mn|||||||||
008230502t20002000oncbo   ob   f000 0 eng d
020 |z0660177269
040 |aCaOODSP|beng|erda|cCaOODSP
0410 |aeng|bfre
043 |an-cn-on|an-cn-qu
0861 |aM41-8/57E-PDF|zM41-8-57E
1001 |aSabina, Ann P., |eauthor.
24510|aRocks and minerals for the collector : |bCobalt – Belleterre – Timmins Ontario and Quebec / |cAnn. P. Sabina.
264 1|aOttawa, Ontario : |bNatural Resources Canada = Ressources naturelles Canada, |c2000.
264 4|c©2000
300 |a1 online resource (266 pages) : |bmaps, photographs.
336 |atext|btxt|2rdacontent
337 |acomputer|bc|2rdamedia
338 |aonline resource|bcr|2rdacarrier
4901 |aGeological Survey of Canada miscellaneous report : |v57
500 |aThe catalogue number (M41-8-57E) and ISBN (0660177269) for the print edition has been copied in this electronic publication.
504 |aIncludes bibliographical references (pages 183-198).
5203 |a"Occurrences of minerals, rocks, and fossils are described for localities in the Temagami, Cobalt, Gowganda, Matachewan, Matheson, and Timmins regions in Ontario, and in the Ville-Marie and Belleterre areas in Quebec. The collecting areas includes two of the greatest precious metal mining camps in the world: the Cobalt silver camp, which ranks third in the total cumulative production of silver in the world, and the Porcupine gold field whose all-time production is exceeded only by the Witwatersrand gold mines in South Africa. In addition, there are numerous collecting localities in the less celebrated mining camps of Elk Lake, Gowganda, Matachewan and Belleterre"--Abstract, page xiii.
530 |aIssued also in printed form.
546 |aIncludes abstracts in English and French.
650 0|aRocks|xCollection and preservation|zOntario.
650 0|aRocks|xCollection and preservation|zQuébec (Province)
650 0|aMinerals|xCollection and preservation|zOntario.
650 0|aMinerals|xCollection and preservation|zQuébec (Province)
650 6|aRoches|xCollections et conservation|zOntario.
650 6|aRoches|xCollections et conservation|zQuébec (Province)
650 6|aMinéraux|xCollections et conservation|zOntario.
650 6|aMinéraux|xCollections et conservation|zQuébec (Province)
7102 |aGeological Survey of Canada, |eissuing body.
7760#|tRocks and minerals for the collector : |w(CaOODSP)9.614754
830#0|aMiscellaneous report (Geological Survey of Canada)|v57.|w(CaOODSP)9.504473
85640|qPDF|s23.88 MB|uhttps://publications.gc.ca/collections/collection_2023/rncan-nrcan/M41-8-57-eng.pdf